[Event "Faxe Dags op"]
[Site "Faxe"]
[Date "2016.04.06"]
[Round "2"]
[White "Nielsen, Ib"]
[Black "Wehlast, Svend Erik"]
[Result "0-1"]
[WhiteElo "1507"]
[BlackElo "1653"]
[PlyCount "80"]
[EventDate "2016.03.30"]
[EventType "swiss"]
[EventRounds "7"]
[EventCountry "DEN"]
[SourceTitle "EXT 2021"]
[Source "ChessBase"]
[SourceDate "2020.10.23"]
[SourceVersion "1"]
[SourceVersionDate "2020.10.23"]
[SourceQuality "1"]

1. e4 c6 2. g3 d5 3. exd5 cxd5 4. Bg2 Nf6 5. d4 h6 6. Nc3 e6 7. Nf3 a6 8. 0-0 Bd6 9. a3 b5 10. b4 Bb7 11. Ne2 Nbd7 12. Bb2 Nb6 13. Ne5 Na4 14. Bc1 Rc8 15. Ra2 Rc7 16. Nd3 Ne4 17. Bxe4 dxe4 18. Nc5 Bd5 19. Ra1 Qc8 20. Nxa4 bxa4 21. c3 Bb3 22. Qe1 Bc4 23. Bd2 g5 24. Rc1 Qd7 25. f3 Qc6 26. Rf2 exf3 27. d5 Qxd5 28. Nd4 g4 29. Be3 Qe4 30. Qd2 Rd7 31. Re1 Qg6 32. Bf4 Be7 33. Qe3 Bg5 34. Qe5 0-0 35. Bxg5 hxg5 36. Re4 Rd5 37. Nf5 Rxe5 38. Ne7+ Kg7 39. Nxg6 Rxe4 40. h3 Kxg6 0-1

[Event "Faxe Dags op"]
[Site "Faxe"]
[Date "2015.05.27"]
[Round "7"]
[White "Wehlast, Svend Erik"]
[Black "Hansen, Aage"]
[Result "1/2-1/2"]
[WhiteElo "1611"]
[BlackElo "1771"]
[PlyCount "123"]
[EventDate "2015.04.07"]
[EventType "swiss"]
[EventRounds "7"]
[EventCountry "DEN"]
[SourceTitle "EXT 2021"]
[Source "ChessBase"]
[SourceDate "2020.10.23"]
[SourceVersion "1"]
[SourceVersionDate "2020.10.23"]
[SourceQuality "1"]

1. Nf3 d5 2. d4 Bf5 3. e3 Nf6 4. Bd3 Bg4 5. h3 Bh5 6. Be2 e6 7. 0-0 Be7 8. Nbd2 Nbd7 9. c4 0-0 10. c5 c6 11. b4 Ne4 12. Bb2 b5 13. Nb3 Ndf6 14. Ne5 Bxe2 15. Qxe2 Rc8 16. Na5 Qc7 17. Naxc6 a6 18. Rac1 Ne8 19. Nxe7+ Qxe7 20. a3 f6 21. Nd3 Rc6 22. Ra1 g6 23. a4 bxa4 24. Rxa4 Qb7 25. Qe1 Nc7 26. Nc1 Qb5 27. Ra5 Qc4 28. Na2 Qc2 29. Qc1 Qe2 30. Nc3 Nxc3 31. Bxc3 Rb8 32. Qa1 Qc4 33. Rc1 Qd3 34. Be1 Kf7 35. Rd1 Qe4 36. Qb1 Qh4 37. Qc2 f5 38. Qa4 Rb5 39. Ra1 Qe7 40. Qd1 Rxa5 41. Rxa5 Nb5 42. Qa4 Qb7 43. Qa1 h5 44. Qd1 Rc8 45. f4 Ra8 46. Qf3 Na7 47. Qe2 Nc6 48. Ra4 Ra7 49. Kh2 Qb5 50. Qxb5 axb5 51. Rxa7+ Nxa7 52. Kg3 Nc6 53. Kf3 Kf6 54. g4 hxg4+ 55. hxg4 Kf7 56. g5 Ke7 57. Ke2 Kd7 58. Kd3 Kc7 59. Kc3 Nb8 60. Bg3 Kc6 61. Bh2 Na6 62. Bg3 1/2-1/2

[Event "Faxe Eftermiddag-C"]
[Site "Faxe"]
[Date "2014.10.22"]
[Round "5"]
[White "Wehlast, Svend Erik"]
[Black "Jakobsen, Henning"]
[Result "1/2-1/2"]
[WhiteElo "1440"]
[BlackElo "1337"]
[PlyCount "99"]
[EventDate "2014.09.17"]
[EventType "tourn"]
[EventRounds "5"]
[EventCountry "DEN"]
[SourceTitle "EXT 2023"]
[Source "ChessBase"]
[SourceDate "2022.10.05"]
[SourceVersion "1"]
[SourceVersionDate "2022.10.05"]
[SourceQuality "1"]

1. c4 Nf6 2. d4 g6 3. Nc3 Nc6 4. d5 Ne5 5. f4 Nxc4 6. Nf3 d6 7. h3 Bg7 8. Qa4+ Bd7 9. Qxc4 0-0 10. Bd2 a6 11. a3 b5 12. Qd3 c5 13. dxc6 Bxc6 14. e4 Nd7 15. Be2 Nc5 16. Qc2 Rc8 17. Rb1 Bxc3 18. Bxc3 Bxe4 19. Qd1 Bxb1 20. Qxb1 e6 21. 0-0 d5 22. Bb4 Re8 23. Bxc5 Rxc5 24. Rc1 Qb6 25. Rxc5 Qxc5+ 26. Kh1 Rc8 27. Qd3 Qc1+ 28. Bf1 Qxb2 29. Qe3 Qc1 30. Qg1 Qxf4 31. Nh2 Rc1 32. Qb6 Rxf1+ 33. Nxf1 Qxf1+ 34. Kh2 Qf4+ 35. Kh1 Qa4 36. Qb8+ Kg7 37. Qe5+ Kh6 38. Qf6 Qe4 39. Qxf7 Qf5 40. Qa7 Qf1+ 41. Kh2 Qf4+ 42. Kh1 Qc1+ 43. Kh2 Qxa3 44. Qf7 Qd6+ 45. Kh1 Qe5 46. Qf8+ Qg7 47. Qd8 Qa1+ 48. Kh2 Qe5+ 49. Kh1 d4 50. Qf8+ 1/2-1/2

[Event "Faxe anniversity"]
[Site "Faxe"]
[Date "2014.05.07"]
[Round "6"]
[White "Wehlast, Svend Erik"]
[Black "Andersen, Hans E"]
[Result "0-1"]
[WhiteElo "1586"]
[BlackElo "1517"]
[PlyCount "116"]
[EventDate "2014.03.26"]
[EventType "swiss"]
[EventRounds "7"]
[EventCountry "DEN"]
[SourceTitle "EXT 2023"]
[Source "ChessBase"]
[SourceDate "2022.10.05"]
[SourceVersion "1"]
[SourceVersionDate "2022.10.05"]
[SourceQuality "1"]

1. Nf3 Nc6 2. d4 d5 3. Bf4 h6 4. h3 Bf5 5. a3 e6 6. e3 a6 7. Bd3 Bxd3 8. cxd3 Bd6 9. Bxd6 cxd6 10. b4 Nge7 11. Nbd2 Qb6 12. 0-0 a5 13. bxa5 Rxa5 14. Rb1 Rb5 15. Rxb5 Qxb5 16. Qb1 Qa6 17. e4 0-0 18. Qb2 Rb8 19. e5 dxe5 20. Nxe5 Nxe5 21. dxe5 Qxd3 22. Nf3 Nc6 23. Rc1 g6 24. Rxc6 Qd1+ 25. Kh2 Qa4 26. Rb6 Qf4+ 27. Kh1 Rc8 28. Ng1 Rc1 29. Rb3 Qc4 30. Kh2 Rc2 31. Qb1 Qf4+ 32. Rg3 Rxf2 33. Qd3 Qxe5 34. Qe3 Qxe3 35. Rxe3 Rb2 36. Nf3 Kg7 37. Ne5 f6 38. Nd7 Kf7 39. Nc5 e5 40. Rb3 Rxb3 41. Nxb3 b6 42. Kg3 Ke6 43. a4 d4 44. Kf3 Kd5 45. a5 bxa5 46. Nxa5 e4+ 47. Ke2 f5 48. Nb3 f4 49. Nd2 d3+ 50. Kd1 g5 51. Ke1 Kd4 52. Nb3+ Kc3 53. Nd2 e3 54. Nf3 h5 55. Nxg5 Kc2 56. Nf3 d2+ 57. Kf1 d1Q+ 58. Ne1+ Kd2 0-1

[Event "Faxe Eftermiddag-B"]
[Site "Faxe"]
[Date "2013.10.09"]
[Round "3"]
[White "Hansen, Aage"]
[Black "Wehlast, Svend Erik"]
[Result "1/2-1/2"]
[WhiteElo "1580"]
[BlackElo "1539"]
[PlyCount "121"]
[EventDate "2013.09.25"]
[EventType "tourn"]
[EventRounds "5"]
[EventCountry "DEN"]
[SourceTitle "EXT 2023"]
[Source "ChessBase"]
[SourceDate "2022.10.05"]
[SourceVersion "1"]
[SourceVersionDate "2022.10.05"]
[SourceQuality "1"]

1. b3 b6 2. Nf3 Bb7 3. e3 Nf6 4. Be2 e6 5. 0-0 Be7 6. d4 0-0 7. c4 c5 8. Nc3 Na6 9. a3 Nc7 10. Bd3 d5 11. cxd5 cxd4 12. Nxd4 Ncxd5 13. Nce2 Nc7 14. Bb2 Ba6 15. Bxa6 Nxa6 16. Nc6 Qc7 17. Rc1 Qb7 18. b4 Rfe8 19. Nxe7+ Qxe7 20. Qd3 Qb7 21. Bxf6 gxf6 22. Rc4 f5 23. Rfc1 Rac8 24. Qc3 Rxc4 25. Qxc4 Re7 26. Qh4 Rc7 27. Qd8+ Kg7 28. Qd4+ f6 29. Rd1 e5 30. Qd3 e4 31. Qd6 Qc8 32. Nf4 Rc1 33. h4 Rxd1+ 34. Qxd1 Nb8 35. Qd6 Nd7 36. Ne6+ Kf7 37. Nd4 Ne5 38. Qd5+ Kg6 39. Ne2 Ng4 40. g3 Ne5 41. Kg2 Nd3 42. b5 Ne1+ 43. Kf1 Nf3 44. Qc6 Qd8 45. Nf4+ Kh6 46. Nd5 Nh2+ 47. Ke2 Ng4 48. Qe6 Ne5 49. Qxf5 Qxd5 50. Qxf6+ Ng6 51. Qc6 Qd3+ 52. Ke1 Qb1+ 53. Kd2 Qb2+ 54. Kd1 Qa1+ 55. Kc2 Qa2+ 56. Kd1 Qxa3 57. g4 Qd3+ 58. Ke1 Qb1+ 59. Ke2 Qb2+ 60. Ke1 Qb1+ 61. Ke2 1/2-1/2

[Event "Faxe EMT"]
[Site "Faxe"]
[Date "2013.05.29"]
[Round "7"]
[White "Wehlast, Svend Erik"]
[Black "Hansen, Borge"]
[Result "1/2-1/2"]
[WhiteElo "1498"]
[BlackElo "1478"]
[PlyCount "73"]
[EventDate "2013.04.03"]
[EventType "swiss"]
[EventRounds "7"]
[EventCountry "DEN"]
[SourceTitle "EXT 2023"]
[Source "ChessBase"]
[SourceDate "2022.10.05"]
[SourceVersion "1"]
[SourceVersionDate "2022.10.05"]
[SourceQuality "1"]

1. Nf3 d5 2. d4 e6 3. e3 Nf6 4. a3 c5 5. Bb5+ Bd7 6. Bxd7+ Nbxd7 7. 0-0 Be7 8. dxc5 Nxc5 9. b4 Nce4 10. Bb2 0-0 11. Nc3 Rc8 12. Nxe4 Nxe4 13. Nd2 Nxd2 14. Qxd2 Rc4 15. Bd4 b6 16. f4 f5 17. Qe2 Qe8 18. c3 Bf6 19. Qd2 Rf7 20. a4 Qc6 21. Rfc1 Bd8 22. Ra2 Be7 23. Raa1 Bf8 24. Qe1 Rc7 25. b5 Qd7 26. Be5 Bd6 27. Bd4 Qc8 28. Qg3 Qd7 29. Qe1 Bc5 30. Be5 Rc8 31. Bd4 Ra8 32. Ra2 a6 33. Rca1 a5 34. h3 Rc8 35. Be5 Bd6 36. Bd4 Bc5 37. Be5 1/2-1/2

[Event "Faxe EMT"]
[Site "Faxe"]
[Date "2013.05.13"]
[Round "4"]
[White "Hansen, Aage"]
[Black "Wehlast, Svend Erik"]
[Result "1-0"]
[WhiteElo "1606"]
[BlackElo "1498"]
[PlyCount "61"]
[EventDate "2013.04.03"]
[EventType "swiss"]
[EventRounds "7"]
[EventCountry "DEN"]
[SourceTitle "EXT 2023"]
[Source "ChessBase"]
[SourceDate "2022.10.05"]
[SourceVersion "1"]
[SourceVersionDate "2022.10.05"]
[SourceQuality "1"]

1. e4 c6 2. d4 d5 3. Nc3 h6 4. Nf3 Bg4 5. Be2 Bxf3 6. Bxf3 dxe4 7. Nxe4 e6 8. Be3 Nd7 9. 0-0 Ngf6 10. c3 Nxe4 11. Bxe4 Nf6 12. Bc2 Be7 13. Qd3 Qc7 14. h3 0-0 15. f4 g6 16. Bb3 Nd5 17. Bd2 Bd6 18. Qf3 Kh7 19. Rae1 Rae8 20. c4 Bb4 21. Bxb4 Nxb4 22. a3 Na6 23. g4 Rd8 24. Qe4 Qb6 25. Bc2 Rxd4 26. Qe3 Rfd8 27. f5 exf5 28. gxf5 g5 29. f6+ Kg8 30. Qe8+ Rxe8 31. Rxe8# 1-0

[Event "Faxe EMT"]
[Site "Faxe"]
[Date "2013.04.03"]
[Round "1"]
[White "Jensen, Leif"]
[Black "Wehlast, Svend Erik"]
[Result "1-0"]
[WhiteElo "1984"]
[BlackElo "1498"]
[PlyCount "81"]
[EventDate "2013.04.03"]
[EventType "swiss"]
[EventRounds "7"]
[EventCountry "DEN"]
[SourceTitle "EXT 2023"]
[Source "ChessBase"]
[SourceDate "2022.10.05"]
[SourceVersion "1"]
[SourceVersionDate "2022.10.05"]
[SourceQuality "1"]

1. e4 e6 2. d4 d5 3. Nd2 Nf6 4. e5 Nfd7 5. c3 c5 6. f4 Be7 7. g3 0-0 8. Ndf3 Nc6 9. Kf2 f5 10. h4 Rf7 11. Ng5 Bxg5 12. hxg5 g6 13. Be3 c4 14. Nf3 b5 15. g4 Nf8 16. gxf5 Rxf5 17. Kg3 a5 18. b3 a4 19. Rh2 Bd7 20. bxc4 bxc4 21. Bc1 a3 22. Rb1 Qa5 23. Qc2 Rf7 24. Be2 Nd8 25. Rh1 Nc6 26. Bd2 Be8 27. Nh4 Raa7 28. Nf3 Bd7 29. Nh2 Be8 30. Ng4 Rfb7 31. Nf6+ Kf7 32. Nxh7 Rxb1 33. Qxb1 Nxd4 34. Bg4 Nf5+ 35. Bxf5 gxf5 36. Nxf8 Kxf8 37. Rh8+ Ke7 38. Qb8 Ra8 39. Qd6+ Kf7 40. Qf8+ Kg6 41. Qf6# 1-0

[Event "Faxe Eftermiddag-B"]
[Site "Faxe"]
[Date "2012.11.07"]
[Round "5"]
[White "Wehlast, Svend Erik"]
[Black "Hansen, Aage"]
[Result "1/2-1/2"]
[WhiteElo "1539"]
[BlackElo "1619"]
[PlyCount "110"]
[EventDate "2012.09.26"]
[EventType "tourn"]
[EventRounds "5"]
[EventCountry "DEN"]
[SourceTitle "EXT 2023"]
[Source "ChessBase"]
[SourceDate "2022.10.05"]
[SourceVersion "1"]
[SourceVersionDate "2022.10.05"]
[SourceQuality "1"]

1. d4 d5 2. Nf3 Bf5 3. e3 Nd7 4. Bd3 Bxd3 5. cxd3 Ngf6 6. Nc3 e6 7. 0-0 Bb4 8. Bd2 0-0 9. a3 Ba5 10. b4 Bb6 11. Na4 c6 12. Nc5 Qc7 13. g3 a6 14. Bc3 Rae8 15. Ne5 Bxc5 16. bxc5 h6 17. f4 g6 18. Qe1 Qc8 19. Ra2 Re7 20. a4 Nh7 21. a5 Kg7 22. Rg2 f5 23. h4 h5 24. Rff2 Nhf6 25. Rb2 Ne8 26. Qb1 Ndf6 27. Rb3 Ng4 28. Rgb2 Nxe5 29. dxe5 Rff7 30. d4 Kh6 31. Be1 Nc7 32. Rxb7 Nb5 33. Rxe7 Rxe7 34. Qd3 Rb7 35. Kf1 Qb8 36. Kf2 Kg7 37. Rb3 Kf7 38. Kf1 Ke7 39. Kf2 Kd7 40. Kf1 Kc8 41. Kf2 Nc7 42. Rb6 Kd7 43. Kf1 Rxb6 44. cxb6 Nb5 45. Bb4 Kc8 46. Qc2 Kb7 47. Qc5 Qe8 48. Ke2 Qf7 49. Kd3 Qe8 50. Qc1 Qd7 51. Bf8 Qe8 52. Qc5 Qd7 53. Bd6 Qe8 54. Be7 Qd7 55. Bd6 Qe8 1/2-1/2

[Event "Faxe Eftermiddag-B"]
[Site "Faxe"]
[Date "2012.10.03"]
[Round "2"]
[White "Refsgaard, Kaj"]
[Black "Wehlast, Svend Erik"]
[Result "1-0"]
[WhiteElo "1581"]
[BlackElo "1539"]
[PlyCount "143"]
[EventDate "2012.09.26"]
[EventType "tourn"]
[EventRounds "5"]
[EventCountry "DEN"]
[SourceTitle "EXT 2023"]
[Source "ChessBase"]
[SourceDate "2022.10.05"]
[SourceVersion "1"]
[SourceVersionDate "2022.10.05"]
[SourceQuality "1"]

1. Nf3 Nf6 2. g3 Nc6 3. Bg2 d5 4. d3 h6 5. 0-0 e5 6. Nbd2 Bd6 7. c4 Be6 8. cxd5 Nxd5 9. a3 0-0 10. Nc4 Nf6 11. Nxd6 cxd6 12. Bd2 Qd7 13. Re1 Bg4 14. Be3 a6 15. Rc1 Rac8 16. Rc3 Nd5 17. Rc1 Nxe3 18. fxe3 Rfe8 19. e4 Rc7 20. e3 Rec8 21. Qd2 Na5 22. Rxc7 Qxc7 23. d4 Nb3 24. Qb4 Qc2 25. dxe5 Bxf3 26. Bxf3 dxe5 27. Re2 Qd3 28. Qxb7 Rc1+ 29. Kg2 Rc2 30. Rxc2 Qxc2+ 31. Kh3 Nd2 32. Bg2 Qd3 33. Qc8+ Kh7 34. Qf5+ Kg8 35. Qxe5 Qxe3 36. Qe8+ Kh7 37. Qxf7 Qd4 38. Qf5+ g6 39. Qf7+ Qg7 40. Qxg7+ Kxg7 41. e5 a5 42. Bd5 Nf1 43. Kh4 Nxh2 44. b4 axb4 45. axb4 h5 46. Kg5 Ng4 47. Kf4 Kh6 48. b5 g5+ 49. Kf5 Ne3+ 50. Ke6 Nc2 51. Be4 Nd4+ 52. Kf7 Nxb5 53. Bg2 Nd4 54. e6 Nxe6 55. Kxe6 Kg7 56. Bh3 Kg6 57. Bf5+ Kg7 58. Ke5 Kf7 59. Be6+ Kg6 60. Bh3 Kg7 61. Kf5 Kh6 62. Kf6 g4 63. Bxg4 hxg4 64. Kf5 Kh5 65. Kf4 Kg6 66. Kxg4 Kh6 67. Kf5 Kg7 68. Kg5 Kh7 69. Kf6 Kg8 70. g4 Kf8 71. g5 Kg8 72. Kg6 1-0

[Event "Faxe EMT"]
[Site "Faxe"]
[Date "2012.05.09"]
[Round "6"]
[White "Wehlast, Svend Erik"]
[Black "Hansen, Borge"]
[Result "1/2-1/2"]
[WhiteElo "1475"]
[BlackElo "1581"]
[PlyCount "118"]
[EventDate "2012.03.28"]
[EventType "swiss"]
[EventRounds "7"]
[EventCountry "DEN"]
[SourceTitle "EXT 2023"]
[Source "ChessBase"]
[SourceDate "2022.10.05"]
[SourceVersion "1"]
[SourceVersionDate "2022.10.05"]
[SourceQuality "1"]

1. Nf3 d5 2. d4 e6 3. a3 Be7 4. Bf4 Nf6 5. h3 Nbd7 6. e3 a6 7. b4 b6 8. b5 Bb7 9. Nbd2 axb5 10. Bxb5 c6 11. Bd3 Bxa3 12. Rb1 b5 13. 0-0 0-0 14. Nb3 h6 15. Bg3 Ne8 16. Nh2 Bd6 17. f4 f5 18. Nf3 Nef6 19. Bh4 Be7 20. Qe1 Bc8 21. Bg3 Ne4 22. Bh4 Nef6 23. Ne5 Nxe5 24. fxe5 Nh7 25. Bxe7 Qxe7 26. Nc5 Ng5 27. Qe2 Ra2 28. Ra1 Qa7 29. Rxa2 Qxa2 30. Qh5 Qa7 31. h4 Ne4 32. Bxe4 dxe4 33. Qg6 Qf7 34. h5 Qe7 35. Ra1 Qg5 36. Qxg5 hxg5 37. g3 Kh7 38. Ra8 Re8 39. Kg2 Kh6 40. Na6 Kxh5 41. Nc7 Rg8 42. c3 Kg6 43. Na6 Kh7 44. Nc5 Kg6 45. Nb7 Kh7 46. Nd6 Bd7 47. Ra7 Be8 48. Re7 Bh5 49. Rxe6 Bf3+ 50. Kf2 Rf8 51. Re7 f4 52. gxf4 gxf4 53. Nf7 Kg8 54. e6 Bh5 55. exf4 Bxf7 56. exf7+ Rxf7 57. Rxe4 Rf6 58. Kf3 Kf7 59. Re5 g6 1/2-1/2

[Event "Faxe EMT"]
[Site "Faxe"]
[Date "2012.05.02"]
[Round "5"]
[White "Wehlast, Svend Erik"]
[Black "Ostrem, Eyolf"]
[Result "0-1"]
[WhiteElo "1475"]
[BlackElo "1414"]
[PlyCount "128"]
[EventDate "2012.03.28"]
[EventType "swiss"]
[EventRounds "7"]
[EventCountry "DEN"]
[SourceTitle "EXT 2023"]
[Source "ChessBase"]
[SourceDate "2022.10.05"]
[SourceVersion "1"]
[SourceVersionDate "2022.10.05"]
[SourceQuality "1"]

1. d4 d5 2. Bf4 Nf6 3. h3 e6 4. Nf3 c5 5. e3 Nc6 6. Bb5 Qa5+ 7. Nc3 Ne4 8. Bxc6+ bxc6 9. 0-0 Nxc3 10. bxc3 Qxc3 11. dxc5 Bxc5 12. Be5 Qa5 13. Bxg7 Rg8 14. Be5 Ba6 15. Re1 Bc4 16. c3 Be7 17. Qd4 c5 18. Qf4 Bd3 19. Bf6 Be4 20. Ng5 Bg6 21. e4 d4 22. cxd4 cxd4 23. Bxe7 Kxe7 24. e5 Qd5 25. Ne4 Bf5 26. Qh4+ Kf8 27. Qh6+ Rg7 28. Qf4 Bxh3 29. g3 Rc8 30. Rac1 Rd8 31. Qh6 Bf5 32. Nf6 Qf3 33. Nh5 Qg4 34. Nxg7 Qxg7 35. Qf6 Qxf6 36. exf6 d3 37. Re3 d2 38. Rd1 Bc2 39. Rxd2 Rxd2 40. Rc3 Ba4 41. Rc7 a6 42. Ra7 Rd6 43. g4 e5 44. g5 Ke8 45. Re7+ Kf8 46. Rxe5 Re6 47. Rc5 Be8 48. Kh2 Re2 49. Ra5 Bb5 50. Kg3 Rd2 51. Ra3 Rd3+ 52. Rxd3 Bxd3 53. Kf4 Ke8 54. Ke5 Kd7 55. Kd5 Bf5 56. a3 Be6+ 57. Ke5 Kc6 58. f4 Kc5 59. f5 Bb3 60. a4 a5 61. Kf4 Kd4 62. Kg4 Ke4 63. g6 hxg6 64. fxg6 fxg6 0-1

[Event "Faxe EMT"]
[Site "Faxe"]
[Date "2011.05.04"]
[Round "5"]
[White "Wehlast, Svend Erik"]
[Black "Refsgaard, Kaj"]
[Result "1-0"]
[WhiteElo "1420"]
[BlackElo "1506"]
[PlyCount "89"]
[EventDate "2011.04.11"]
[EventType "swiss"]
[EventRounds "7"]
[EventCountry "DEN"]
[SourceTitle "EXT 2023"]
[Source "ChessBase"]
[SourceDate "2022.10.05"]
[SourceVersion "1"]
[SourceVersionDate "2022.10.05"]
[SourceQuality "1"]

1. d4 d5 2. Nf3 Nf6 3. h3 Nbd7 4. Bf4 g6 5. e3 Bg7 6. c4 c6 7. Nc3 0-0 8. c5 b6 9. b4 Nh5 10. Bh2 bxc5 11. bxc5 Nxc5 12. Ne5 Qd6 13. dxc5 Qe6 14. f4 f6 15. Ng4 g5 16. f5 Qxf5 17. Nh6+ Bxh6 18. Qxh5 Qc2 19. Nd1 Bg7 20. Qe2 Qxc5 21. Qd2 Bf5 22. Be2 e5 23. 0-0 Rad8 24. Rxf5 d4 25. e4 d3+ 26. Rf2 dxe2 27. Qxe2 Rd7 28. Bg3 Rfd8 29. Kh2 Rd3 30. Qg4 Rxd1 31. Rxd1 Rxd1 32. Qxd1 Qa3 33. Qd8+ Kf7 34. Qd7+ Kg6 35. Qf5+ Kh6 36. h4 Qe3 37. hxg5+ fxg5 38. Qe6+ Kh5 39. Qf7+ Kh6 40. Qe6+ Kh5 41. Qxc6 Kg4 42. Rf3 Qd2 43. Qe6+ Kh5 44. Bf2 Qe2 45. Rh3# 1-0

[Event "Faxe EMT"]
[Site "Faxe"]
[Date "2011.04.06"]
[Round "2"]
[White "Wehlast, Svend Erik"]
[Black "Andersen, Hans Poul"]
[Result "1/2-1/2"]
[WhiteElo "1420"]
[BlackElo "1217"]
[PlyCount "68"]
[EventDate "2011.04.11"]
[EventType "swiss"]
[EventRounds "7"]
[EventCountry "DEN"]
[SourceTitle "EXT 2023"]
[Source "ChessBase"]
[SourceDate "2022.10.05"]
[SourceVersion "1"]
[SourceVersionDate "2022.10.05"]
[SourceQuality "1"]

1. d4 Nf6 2. c4 e6 3. Nf3 h6 4. Nc3 Bb4 5. Bd2 b6 6. e3 Bb7 7. a3 Bxc3 8. bxc3 0-0 9. Bd3 Ne4 10. 0-0 Nxd2 11. Nxd2 d5 12. f4 f5 13. Nf3 dxc4 14. Bxc4 Bd5 15. Qb3 Bxc4 16. Qxc4 Qd6 17. Ne5 Rf6 18. Rf3 c6 19. Rg3 b5 20. Qe2 Nd7 21. Qh5 Nf8 22. Rh3 Qd5 23. g4 fxg4 24. Nxg4 Rg6 25. Qh4 Qf5 26. Rg3 Qd3 27. Nxh6+ gxh6 28. Rxg6+ Nxg6 29. Qg3 Kh7 30. Kf2 Rg8 31. Rg1 Qd2+ 32. Kf1 Qd3+ 33. Kf2 Qd2+ 34. Kf1 Qd3+ 1/2-1/2

[Event "Faxe EMT"]
[Site "Faxe"]
[Date "2010.03.24"]
[Round "2"]
[White "Joost, Kjeld"]
[Black "Wehlast, Svend Erik"]
[Result "1/2-1/2"]
[WhiteElo "1334"]
[BlackElo "1500"]
[PlyCount "92"]
[EventDate "2010.03.17"]
[EventType "swiss"]
[EventRounds "7"]
[EventCountry "DEN"]
[SourceTitle "EXT 2023"]
[Source "ChessBase"]
[SourceDate "2022.10.05"]
[SourceVersion "1"]
[SourceVersionDate "2022.10.05"]
[SourceQuality "1"]

1. e4 e5 2. Nf3 d6 3. Nc3 h6 4. Bc4 Nf6 5. d3 Be7 6. Be3 0-0 7. Qd2 Nh7 8. Nd5 Be6 9. d4 Bxd5 10. Bxd5 c6 11. Bb3 Nd7 12. 0-0-0 Nhf6 13. Bxh6 Nxe4 14. Qe3 d5 15. Bxg7 Kxg7 16. h4 f6 17. h5 Ng5 18. Qd3 e4 19. h6+ Kh8 20. Qe3 exf3 21. gxf3 f5 22. f4 Bf6 23. fxg5 Bxg5 24. f4 Bf6 25. Qd3 Be7 26. c4 dxc4 27. Bxc4 Nb6 28. d5 Nxc4 29. Qxc4 cxd5 30. Qc3+ Bf6 31. Qf3 Qb6 32. b3 Rac8+ 33. Kb1 d4 34. Qd3 Rc3 35. Qxf5 Rxb3+ 36. axb3 Qxb3+ 37. Kc1 Qc3+ 38. Qc2 Qe3+ 39. Qd2 Rc8+ 40. Kb1 Qa3 41. Qa2 Qb4+ 42. Qb2 Qf8 43. Rxd4 Rc6 44. Qd2 Bxd4 45. Qxd4+ Rf6 46. Re1 Kh7 1/2-1/2

[Event "Faxe EMT"]
[Site "Faxe"]
[Date "2010.03.17"]
[Round "1"]
[White "Wehlast, Svend Erik"]
[Black "Eriksen, Knud"]
[Result "0-1"]
[WhiteElo "1500"]
[BlackElo "1060"]
[PlyCount "135"]
[EventDate "2010.03.17"]
[EventType "swiss"]
[EventRounds "7"]
[EventCountry "DEN"]
[SourceTitle "EXT 2023"]
[Source "ChessBase"]
[SourceDate "2022.10.05"]
[SourceVersion "1"]
[SourceVersionDate "2022.10.05"]
[SourceQuality "1"]

1. d4 Nf6 2. Nf3 g6 3. c4 d6 4. h3 Bg7 5. Nc3 0-0 6. Bf4 e6 7. e3 a6 8. Bd3 Nbd7 9. 0-0 Re8 10. Qc2 b6 11. e4 Bb7 12. Bg5 e5 13. d5 Qc8 14. b4 c6 15. Qd2 b5 16. dxc6 Bxc6 17. cxb5 axb5 18. Nxb5 Bxb5 19. Bxb5 Nxe4 20. Qe3 Nxg5 21. Bxd7 Nxf3+ 22. gxf3 Qxd7 23. a4 Rxa4 24. Rxa4 Qxa4 25. Qb6 Bf8 26. b5 Qa8 27. Rb1 Rb8 28. Qe3 Rb7 29. Qe4 Qb8 30. Qd5 Be7 31. Kg2 Bd8 32. Kg3 Bb6 33. Kg2 Bc5 34. Ra1 Kg7 35. Qc6 Qc7 36. Qe8 Qe7 37. Qc6 Rb6 38. Qc8 Qb7 39. Qd8 Qb8 40. Qg5 Rxb5 41. h4 Rb2 42. Rf1 Qb6 43. Qg3 f5 44. Qg5 d5 45. h5 Qf6 46. h6+ Kf7 47. Qg3 f4 48. Qh3 Qg5+ 49. Kh1 Qh5 50. Qxh5 gxh5 51. Rg1 Bf8 52. Rg5 Rxf2 53. Rxe5 d4 54. Rf5+ Kg8 55. Kg1 Rxf3 56. Rxh5 Rg3+ 57. Kf2 Rg6 58. Kf3 Bxh6 59. Rd5 Rg3+ 60. Kf2 d3 61. Rd4 Bg5 62. Kf1 Kg7 63. Rd6 Kf7 64. Kf2 h5 65. Ke1 h4 66. Kd2 h3 67. Ra6 h2 68. Ra1 0-1

[Event "Faxe EMT"]
[Site "Faxe"]
[Date "2009.04.01"]
[Round "3"]
[White "Wehlast, Svend Erik"]
[Black "Toftvang, Ove"]
[Result "1-0"]
[WhiteElo "1479"]
[BlackElo "1355"]
[PlyCount "73"]
[EventDate "2009.03.18"]
[EventType "swiss"]
[EventRounds "7"]
[EventCountry "DEN"]
[SourceTitle "EXT 2023"]
[Source "ChessBase"]
[SourceDate "2022.10.05"]
[SourceVersion "1"]
[SourceVersionDate "2022.10.05"]
[SourceQuality "1"]

1. d4 d5 2. Bf4 Nc6 3. a3 a6 4. Nf3 Nf6 5. e3 Nh5 6. Be5 Bg4 7. Be2 f6 8. h3 Bxf3 9. Bxf3 fxe5 10. Bxh5+ g6 11. Be2 e4 12. c4 Bg7 13. Nc3 e6 14. cxd5 exd5 15. Qb3 0-0 16. Qxd5+ Kh8 17. Qxd8 Raxd8 18. Nxe4 Na5 19. b4 Nc6 20. 0-0 Ne7 21. Nc5 Rb8 22. Nd7 c6 23. Nxf8 Bxf8 24. Bc4 Nf5 25. Rad1 Nd6 26. Ba2 Nb5 27. Rd3 Nd6 28. d5 Rc8 29. Rc1 Kg7 30. dxc6 bxc6 31. Rdc3 h5 32. Rxc6 Ra8 33. Rc7+ Kf6 34. R1c6 g5 35. Rf7+ Ke5 36. Rc5+ Ke4 37. Bb1# 1-0

[Event "Faxe EMT"]
[Site "Faxe"]
[Date "2009.03.25"]
[Round "2"]
[White "Eriksen, Knud"]
[Black "Wehlast, Svend Erik"]
[Result "0-1"]
[WhiteElo "1255"]
[BlackElo "1479"]
[PlyCount "34"]
[EventDate "2009.03.18"]
[EventType "swiss"]
[EventRounds "7"]
[EventCountry "DEN"]
[SourceTitle "EXT 2023"]
[Source "ChessBase"]
[SourceDate "2022.10.05"]
[SourceVersion "1"]
[SourceVersionDate "2022.10.05"]
[SourceQuality "1"]

1. e4 e6 2. d4 d5 3. e5 h6 4. a3 Ne7 5. Nf3 b6 6. Be2 Nf5 7. c3 c5 8. Bd3 c4 9. Bc2 Bd7 10. Nbd2 b5 11. Nf1 a5 12. a4 b4 13. cxb4 Bxb4+ 14. Bd2 Qb6 15. b3 c3 16. Bc1 Nc6 17. Bxf5 c2+ 0-1

[Event "Faxe EMT"]
[Site "Faxe"]
[Date "2009.03.18"]
[Round "1"]
[White "Wehlast, Svend Erik"]
[Black "Christensen, Lars"]
[Result "0-1"]
[WhiteElo "1479"]
[BlackElo "1998"]
[PlyCount "104"]
[EventDate "2009.03.18"]
[EventType "swiss"]
[EventRounds "7"]
[EventCountry "DEN"]
[SourceTitle "EXT 2023"]
[Source "ChessBase"]
[SourceDate "2022.10.05"]
[SourceVersion "1"]
[SourceVersionDate "2022.10.05"]
[SourceQuality "1"]

1. d4 f5 2. Nf3 b6 3. Bf4 Nf6 4. h3 Ba6 5. Nbd2 d5 6. c3 e6 7. Ne5 c6 8. Ndf3 Ne4 9. g4 Be7 10. e3 Bh4 11. Rh2 Bxf1 12. Kxf1 0-0 13. g5 Bxg5 14. h4 Bxf4 15. exf4 c5 16. Ng5 Rf6 17. Qh5 h6 18. Ngf7 Qe7 19. Rg2 Rxf7 20. Nxf7 Qxf7 21. Qxh6 a5 22. Ke2 Ra7 23. Rag1 Qf6 24. Rg6 Qf8 25. Rxe6 Re7 26. Re5 Nd7 27. f3 Nxe5 28. fxe5 Nf6 29. Kd2 Nd7 30. h5 Qf7 31. Qg5 Nf8 32. f4 Ne6 33. Qh6 Kf8 34. Qh8+ Qg8 35. Qxg8+ Kxg8 36. Ke3 Kf7 37. dxc5 bxc5 38. Rf1 Rb7 39. b3 a4 40. Rb1 Ke7 41. Rd1 axb3 42. axb3 d4+ 43. cxd4 Rxb3+ 44. Kf2 cxd4 45. Rh1 Nxf4 46. h6 Nh3+ 47. Kg2 gxh6 48. Ra1 Nf4+ 49. Kh2 h5 50. Ra6 Rh3+ 51. Kg1 Re3 52. Rf6 Rxe5 0-1